Word Ladder: Hickory Dickory Quiz Stats

Quiz Updated Jul 28, 2015

Challenge
Share
Tweet
Embed
Score 0/21 Timer 03:00
0 Plays Today
Hint 5-Letter Word % Correct
A code of dots and dashesMORSE
97.5%
Carriage pullerHORSE
97.1%
A-plus or C-minus, e.g.GRADE
93.6%
A piece of breadSLICE
93%
Push on a mouse buttonCLICK
92.7%
_____ ran up the [last rung]MOUSE
92.5%
A seasoning for foodSPICE
92.2%
Partner of club or diamondSPADE
91.4%
What the bar on a keyboard makesSPACE
90.9%
Buzz's 'Toy Story' partnerWOODY
90.5%
[first rung] ran up the _____CLOCK
90.1%
Hint 5-Letter Word % Correct
Like a salesman or an ice rinkSLICK
89.8%
A large, teeming crowdHORDE
82.6%
VerboseWORDY
77%
A treat, like candy or a small giftGOODY
77%
Singer of 'Royals' and 'Tennis Court'LORDE
74%
A open area in a woodlandGLADE
73%
Sizemore or Little of the MLBGRADY
73%
Revolting or disgusting, to a Valley GirlGRODY
70%
UK rockers who sang 'Run Runaway'SLADE
68.7%
An interjection of strong feelingsLORDY
64.1%

Today's Daily Dose

Word Ladder
'90s Movies

Quick Pick
'Fire' Movies

On This Day
June 19th II

You're not logged in!

Compare scores with friends on all Sporcle quizzes.
Join for Free
OR
Log In

You Might Also Like...

Show Comments

Extras

Top Quizzes Today


Score Distribution

Your Account Isn't Verified!

In order to create a playlist on Sporcle, you need to verify the email address you used during registration. Go to your Sporcle Settings to finish the process.

Report this User

Report this user for behavior that violates our Community Guidelines.

Details: